LEADER 01131nam a2200265 i 4500 001 991001614799707536 005 20020502192638.0 008 970310s1981 it ||| | ita 035 $ab10879080-39ule_inst 035 $aLE02372961$9ExL 040 $aDip.to Studi Storici$bita 082 0 $a937 100 1 $aDe Robertis, Francesco M.$0187089 245 13$aIl fenomeno associativo nel mondo romano :$bdai collegi della Repubblica alle corporazioni del basso Impero /$cFrancesco M. De Robertis 260 $aRoma :$bL'Erma di Bretschneider,$c1981 300 $a262 p. ;$c24 cm. 490 0 $aStudia Historica ;$v126 650 4$aStoria - Impero romano - Associazioni politiche 907 $a.b10879080$b23-02-17$c28-06-02 912 $a991001614799707536 945 $aLE001 SR I 40$g1$i2001000032471$lle001$op$pE0.00$q-$rl$s- $t0$u0$v0$w0$x0$y.i13913943$z02-11-04 945 $aLE023 937 DER 1 1$g1$i2023000021965$lle023$o-$pE0.00$q-$rl$s- $t0$u1$v0$w1$x0$y.i10986601$z28-06-02 996 $aFenomeno associativo nel mondo romano$9521157 997 $aUNISALENTO 998 $ale001$ale023$b01-01-97$cm$da $e-$fita$git $h3$i2